000 00575nam a2200241 a 4500
001 nice12345678
003 IN_TiNIC
005 20260116012726.0
008 050524s1955 deha grp 000 0 urd
020 _a
_c100
082 0 0 _a201
_bKHA
100 _aKhan, Sardar
245 _aZindagi Ke Mushkil Masayal Ka Masihi Jawab
260 _aDehradun
_bMrs.Sardar Khan
_c1955
300 _a62p
500 _aincludes index and biblioraphy
505 2 _aindex
650 _aChristianity
700 1 _aKhan, Sardar
902 _bSRS
942 _cBK
999 _c8119
_d8119